Biopharm International (Record no. 37263)

MARC details
000 -LEADER
fixed length control field 00379nam a2200145Ia 4500
022 ## - INTERNATIONAL STANDARD SERIAL NUMBER
ISSN 1542-166X
050 ## - CALL MARK
Classification number RS380 .B56
245 ## - TITLE STATEMENT
Title Biopharm International
250 ## - EDITION / VOLUME STATEMENT
Edition / Volume statement Vol. 37, No. 9
260 ## - PUBLICATION, DISTRIBUTION, ETC. (IMPRINT)
Place of publication USA
Name of publisher Advanstar Communications, Duluth, MN
Year of publication 2024
300 ## - PHYSICAL DESCRIPTION
Number of Pages 1537 p. :ill. ; 29 cm.
650 ## - SUBJECT ADDED ENTRY--TOPICAL TERM
Topical Term Endodontics--Periodicals
942 ## - ADDED ENTRY ELEMENTS (KOHA)
Koha item type Serials
Source of classification Library of Congress Classification

No items available.